Emergencia deterministického chaosu: ohraničená pasáž v evolúcii ekonomiky
Matematicko-fyzikálne a počítačovo-simulačné prístupy ku skúmaniu ekonomických procesov. Sekundárne zovšeobecnenie Schumpeterovho modelu oscilácií v ekonomických systémoch. Formulácia troch evolučných rovníc. Tzv. režim deterministického chaosu. Emergencia chaosu v primitívnej virtuálnej ekonomike.
Saved in:
| Main Author: | |
|---|---|
| Other Authors: | |
| Format: | Book Chapter |
| Language: | Slovak |
| Subjects: | |
| Tags: |
No Tags, Be the first to tag this record!
|
MARC
| LEADER | 00000naa a2200000 4500 | ||
|---|---|---|---|
| 001 | r048237 | ||
| 005 | 20240502071342.7 | ||
| 041 | 0 | |a slo | |
| 044 | |a SK | ||
| 245 | 1 | 0 | |a Emergencia deterministického chaosu: ohraničená pasáž v evolúcii ekonomiky |c Ladislav Andrášik, Július Krempaský |
| 520 | |a Matematicko-fyzikálne a počítačovo-simulačné prístupy ku skúmaniu ekonomických procesov. Sekundárne zovšeobecnenie Schumpeterovho modelu oscilácií v ekonomických systémoch. Formulácia troch evolučných rovníc. Tzv. režim deterministického chaosu. Emergencia chaosu v primitívnej virtuálnej ekonomike. | ||
| 610 | 2 | 0 | |a systémy ekonomické |
| 610 | 2 | 0 | |a stupne hospodárstva vývojové |
| 610 | 2 | 0 | |a modely matematické |
| 610 | 2 | 0 | |a modely simulačné |
| 610 | 2 | 0 | |a cykly hospodárske |
| 610 | 2 | 0 | |a teória chaosu |
| 610 | 2 | 0 | |a synergetika |
| 100 | 1 | |a Andrášik, Ladislav | |
| 700 | 1 | |a Krempaský, Július | |